Estado, clases sociales y educación en México /
Estudio sobre la educación como ámbito de actividad estatal en México durante el período de la dictadura porfirista (1876-1910), la etapa de la Revolución armada (1910-1917) y los gobiernos que le siguieron en los años inmediatamente posteriores (1917-1928). La autora busca comprender la relación qu...
Збережено в:
| Автор: | |
|---|---|
| Формат: | Книга |
| Мова: | Іспанська |
| Опубліковано: |
México :
Secretaría de Educación Pública : Fondo de Cultura Económica,
1982, c1982
|
| Серія: | (Sep/80 ;
28) |
| Предмети: | |
| Теги: |
Немає тегів, Будьте першим, хто поставить тег для цього запису!
|
MARC
| LEADER | 00000nam^a2200000^a^4500 | ||
|---|---|---|---|
| 001 | 000022893 | ||
| 005 | 20250521000000.0 | ||
| 009 | 20260310084513.418 | ||
| 020 | |a 968-16-1142-X | ||
| 020 | |a 968-16-1143-8 | ||
| 020 | |a 968-16-1144-6 | ||
| 037 | |a Acervo ITESO - Biblioteca | ||
| 041 | |a ESP | ||
| 082 | |a 379. 72 |b VAU | ||
| 100 | |a Vaughan, Mary Kay |e (autor) | ||
| 245 | 1 | 0 | |a Estado, clases sociales y educación en México / |c M.K. Vaughan ; tr. por Martha Amorín de Pablo. |
| 264 | 4 | |a México : |b Secretaría de Educación Pública : |b Fondo de Cultura Económica, |c 1982, c1982 | |
| 300 | |a 2 v. (549 p.) | ||
| 336 | |a texto |b txt |2 rdacontenido | ||
| 337 | |a sin mediación |b n |2 rdamedio | ||
| 338 | |a volumen |b nc |2 rdasoporte | ||
| 440 | 1 | |a (Sep/80 ; |v 28) | |
| 520 | |a Estudio sobre la educación como ámbito de actividad estatal en México durante el período de la dictadura porfirista (1876-1910), la etapa de la Revolución armada (1910-1917) y los gobiernos que le siguieron en los años inmediatamente posteriores (1917-1928). La autora busca comprender la relación que existe entre el crecimiento del Estado mexicano, el crecimiento capitalista en forma dependiente y del desarrollo del aparato educacional. | ||
| 561 | |a Ex libris manuscrito de Francisco Javier Núñez de la Peña | ||
| 649 | |a XX | ||
| 650 | |a Clases Sociales - |z México | ||
| 650 | |a Aparatos de Estado - |z México | ||
| 650 | |a Educación Pública - |z México - |x Historia | ||
| 650 | |a Educación y Estado - |z México - |x Historia - |y Porfirismo, 1876-1911 | ||
| 650 | |a Educación y Estado - |z México - |x Historia - |y 1910-1946 | ||
| 650 | |a Educación y Estado - |z México - |x Historia - |y Siglo XIX | ||
| 650 | |a Educación y Estado - |z México - |x Historia - |y Siglo XX | ||
| 650 | |a Educación y Estado - |z México - |x Historia - |x Tema Principal | ||
| 650 | |a Educación y Política - |z México - |x Historia | ||
| 650 | |a Educación - |z México - |x Historia | ||
| 650 | |a Sociología de la Educación | ||
| 910 | |a Fondo General | ||
| 920 | |a Impresos - Libros | ||
| 930 | |a Colección General | ||
| 905 | |a 101 | ||
| 901 | |a 0228930100 |b IT1 |c ACC |i 022893 |u 20250521 | ||
| 901 | |a 0228920100 |b IT1 |c ACC |u 20250521 | ||
| 902 | |a https://opac.biblio.iteso.mx/vufind/Record/000022893 | ||